5HLuxD.jpg

KING HENRY VIII SENIOR AND PRIMARY SCHOOL LIBRARY OPAC

I'm a chicken, get me out of here! (Record no. 3574)

000 -LEADER
fixed length control field 01073nam a22002297a 4500
005 - DATE AND TIME OF LATEST TRANSACTION
control field 20240226095456.0
008 - FIXED-LENGTH DATA ELEMENTS--GENERAL INFORMATION
fixed length control field 240226b ||||| |||| 00| 0 eng d
020 ## - INTERNATIONAL STANDARD BOOK NUMBER
International Standard Book Number 9781447236634
040 ## - CATALOGING SOURCE
Transcribing agency KH8
082 ## - DEWEY DECIMAL CLASSIFICATION NUMBER
Classification number FIC WIL
100 ## - MAIN ENTRY--PERSONAL NAME
Personal name Wilson, Anna
Relator term Author
245 ## - TITLE STATEMENT
Title I'm a chicken, get me out of here!
Statement of responsibility, etc. Anna Wilson
260 ## - PUBLICATION, DISTRIBUTION, ETC.
Place of publication, distribution, etc. London,
Name of publisher, distributor, etc. Macmillan Children's Books,
Date of publication, distribution, etc. 2013
300 ## - PHYSICAL DESCRIPTION
Extent 225 pages :
Other physical details illustrations ;
Dimensions 20 cm
520 ## - SUMMARY, ETC.
Summary, etc. Titch the chicken is trapped. She arrived at Wilf's house by mistake when one of Mum's Internet orders went wrong (again). Now she is desperate to GET OUT OF THERE! There's a dopey dog to deal with and a very snooty cat - and, worse, Wilf has made her share a room with Brian, an EXTREMELY fussy guinea pig. Titch is no birdbrain and plots to escape. But when the other pets are put in danger, Titch realizes she has to stay and help her new friends
521 ## - TARGET AUDIENCE NOTE
Target audience note 7+.<br/>
650 ## - SUBJECT ADDED ENTRY--TOPICAL TERM
Topical term or geographic name entry element Animals Fiction
650 ## - SUBJECT ADDED ENTRY--TOPICAL TERM
Topical term or geographic name entry element Chickens
650 ## - SUBJECT ADDED ENTRY--TOPICAL TERM
Topical term or geographic name entry element Chickens Fiction
700 ## - ADDED ENTRY--PERSONAL NAME
Personal name Rowland, Andy
Relator term Illustrator
942 ## - ADDED ENTRY ELEMENTS (KOHA)
Source of classification or shelving scheme
Koha item type Books - Fiction
Holdings
Withdrawn status Lost status Source of classification or shelving scheme Damaged status Not for loan Collection code Permanent Location Current Location Shelving location Date acquired Full call number Barcode Date last seen Price effective from Koha item type
          Fiction KH8 Primary School Library KH8 Primary School Library Fiction 2024-02-26 FIC WIL KHPL000004492 2025-12-05 2024-02-26 Books - Fiction

Powered By KH8 IT Dept